000 00433nam a2200157Ia 4500
008 160316s1978 xxu||||| |||| 00| 0 eng d
082 _a341.481000
_bJOY-I
100 _aJoyce James Avery
245 _aHuman rights. Vol.I : International documents
250 _a
260 _aNew York
_bSijthoff & Noordhoff
_c1978
300 _a556
_b
_cxi
365 _b
650 _a1.International Law - Human Rights - Documents
700 _a
_a
999 _c9670
_d9670